000 00604nam a2200193Ia 4500
008 151119s9999||||xx |||||||||||||| ||und||
082 _a254.32
082 _bGKKV25418
100 _aदेवळे श रां
245 _aश्री अष्टविनायक दर्शन
260 _a--
260 _b--
260 _c0
600 _aदेवळे श रां
630 _aश्री अष्टविनायक दर्शन
700 _aदेवळे श रां
730 _aश्री अष्टविनायक दर्शन
942 _cBOOK
999 _c1077941
_d1077938